Ends in "-ate" - Statistics

General Stats
  • This quiz has been taken 59 times
  • The average score is 24 of 37
Answer Stats
Hint Answer % Correct
Where you can pass through a fence or garden wall, or, where you can board your plane Gate
98%
Not early. Not on time. Late
98%
Common table setting. Larger than a saucer but smaller than a platter Plate
95%
A number on your calendar, or, a social get together with a special someone Date
93%
One's destiny. Some are sealed Fate
88%
Extreme dislike Hate
88%
Specialized footwear that includes roller, inline, ice and hockey varieties Skate
88%
Germany has 16, Brazil has 26, Mexico has 31 and the USA has 50 State
88%
First name of actresses Winslet or Hepburn Kate
86%
A wooden shipping container Crate
81%
A formal public discussion where opposing arguments are presented on a given topic Debate
81%
To provide water to crops through ditches or pipes Irrigate
81%
To focus one's mind for relaxation or spiritual purposes. "Om!" Meditate
76%
Last name of actress Sharon, a victim of the Manson Family in 1969 Sharon Tate
76%
To shred, as with cheese, or, to get on someone's nerves Grate
74%
To annoy or bother Irritate
71%
One house of the US Congress (and other democracies) Senate
71%
First name of actress Blanchett Cate
69%
Your regional weather conditions. Some say the Earth's is changing Climate
69%
The political scandal that brought down the Nixon administration Watergate
69%
To murder a politician or other famous person Assassinate
67%
A spouse, an officer on a merchant ship, that missing sock (and other meanings) Mate
67%
The top of your head, or, with a French accent, a savory spread made from goose liver Pate or Pâté
67%
Do this to your walls and attic to keep out the cold air Insulate
60%
To teach, or to learn Educate
55%
To give a speech or recitation Orate
55%
Lucky, or fortuitous Fortunate
52%
To act as an impartial go-between for two or more opposing parties Mediate
48%
To stop or end something (perhaps like Arnold Schwarzenegger?) Terminate
48%
To stretch the truth or overstate the facts Exaggerate
40%
To create electricity or public interest Generate
38%
To create an exact copy, or, the exact copy itself Duplicate
36%
To give off energy in all directions Radiate
33%
To leave the premises or a position (job) Vacate
33%
To build something from scratch, or, to tell a lie Fabricate
31%
To stray from a predetermined course, or, someone who strays from a predetermined course Deviate
29%
To move like an ocean wave or perhaps like a snake Undulate
17%
No matching quizzes found
Score Distribution
Percent of People with Each Score
Percentile by Number Answered
Your Score History
You have not taken this quiz